Advanced differential calculus on several variables / (Record no. 39936)

MARC details
000 -LEADER
fixed length control field 00843nam a22002297a 4500
005 - DATE AND TIME OF LATEST TRANSACTION
control field 20100806165028.0
010 ## - LCCN (DPL NO)
LC control number ENG-98777
020 ## - INTERNATIONAL STANDARD BOOK NUMBER
International Standard Book Number 9788189781804
Terms of availability 120.00
035 ## - SYSTEM CONTROL NUMBER
System control number EN-82309
037 ## - SOURCE OF ACQUISITION
Source of stock number/acquisition DBAD.PUB
082 ## - DEWEY DECIMAL CLASSIFICATION NUMBER
Classification number 515.33
100 ## - MAIN ENTRY--PERSONAL NAME
Personal name Mukherjee, Subir Kumar
245 ## - TITLE STATEMENT
Title Advanced differential calculus on several variables /
Statement of responsibility, etc by Subir Kumar Mukherjee
260 ## - PUBLICATION, DISTRIBUTION, ETC. (IMPRINT)
Place of publication, distribution, etc Kolkata
Name of publisher, distributor, etc Academic Publications
Date of publication, distribution, etc 2009
270 ## - ADDRESS
Address 131B,A,J.C. Bose Road,
City Kolkata
Postal code 700009
300 ## - PHYSICAL DESCRIPTION
Extent 162p.
Dimensions 23cm (pbk)
500 ## - GENERAL NOTE
General note Includes index
650 ## - SUBJECT ADDED ENTRY--TOPICAL TERM
Topical term or geographic name as entry element Differential Calculus
Geographic subdivision Variable (Mathematics)
700 ## - ADDED ENTRY--PERSONAL NAME
Personal name Modi, Renu
9 (RLIN) 8138
942 ## - ADDED ENTRY ELEMENTS (KOHA)
Source of classification or shelving scheme Dewey Decimal Classification
Item type English Books
Classification part 515.33
Call number suffix MUJ
Holdings
Withdrawn status Lost status Not for loan Collection code Home library Current library Date acquired Source of acquisition Cost, normal purchase price Full call number Barcode Copy number Cost, replacement price Koha item type
    Not For Loan Non-fiction D.B.Act.Division D.B.Act.Division 06/08/2010 DBAD/PUB 120.00 515.33 MUJ EN-82309 1 120.00 English Books

© Delhi Public Library
Hit Counter
free hit counter